College Salesmanship (Record no. 1276)
[ view plain ]
| 005 - DATE AND TIME OF LATEST TRANSACTION | |
|---|---|
| control field | 20250410141013.0 |
| 082 ## - DEWEY DECIMAL CLASSIFICATION NUMBER | |
| Classification number | 658.85 HAM |
| 100 ## - MAIN ENTRY--PERSONAL NAME | |
| Author name | HAMPTOM,R. E. |
| 245 ## - TITLE STATEMENT | |
| Title | College Salesmanship |
| 260 ## - PUBLICATION, DISTRIBUTION, ETC. | |
| Place of publication, distribution, etc. | New York, |
| Name of publisher, distributor, etc. | Gregg Division, |
| Date of publication, distribution, etc. | 1970. |
| 300 ## - PHYSICAL DESCRIPTION | |
| Extent | viii, 530p., ill., |
| Other physical details | Index, |
| Dimensions | 24cm. |
| 700 ## - ADDED ENTRY--PERSONAL NAME | |
| Other authors/Editors | ZABIN, J. B. |
| 942 ## - ADDED ENTRY ELEMENTS (KOHA) | |
| Source of classification or shelving scheme | Dewey Decimal Classification |
| Koha item type | Books |
| Date last seen | Total checkouts | Full call number | Barcode | Cost, replacement price | Price effective from | Koha item type | Lost status | Source of classification or shelving scheme | Damaged status | Not for loan | Withdrawn status | Home library | Current library | Shelving location | Date acquired | Cost, normal purchase price |
|---|---|---|---|---|---|---|---|---|---|---|---|---|---|---|---|---|
| 04/10/2025 | 658.85 HAM | 0000004028 | 60000.00 | 04/10/2025 | Books | Dewey Decimal Classification | College of Business Education Main Library | College of Business Education Main Library | General Collection | 04/10/2025 | 20000.00 |
